[Event "Montreal Mercredi 05"]
[Site "Montreal"]
[Date "2016.05.11"]
[Round "1"]
[White "Jacquet, Stephane"]
[Black "Heredia, Jose"]
[Result "1-0"]
[WhiteElo "2036"]
[BlackElo "1948"]
[PlyCount "111"]
[EventDate "2016.05.11"]
[EventType "swiss"]
[EventRounds "5"]
[EventCountry "CAN"]
[SourceTitle "EXT 2022"]
[Source "ChessBase"]
[SourceDate "2021.10.06"]
[SourceVersion "1"]
[SourceVersionDate "2021.10.06"]
[SourceQuality "1"]

1. d4 d5 2. c4 c6 3. Nc3 Nf6 4. Nf3 e6 5. cxd5 cxd5 6. Bg5 Be7 7. e3 0-0 8. Bd3 Nbd7 9. Qc2 Re8 10. 0-0 Nf8 11. Ne5 a6 12. a4 N6d7 13. Bxe7 Qxe7 14. f4 f5 15. Rf3 Nf6 16. a5 Bd7 17. Qb3 Rec8 18. Qb6 Bc6 19. h3 N8d7 20. Qb3 Nxe5 21. fxe5 Ne4 22. Bxe4 fxe4 23. Rf4 Rf8 24. Raf1 Rxf4 25. Rxf4 Rf8 26. Rxf8+ Kxf8 27. Ne2 h5 28. Nf4 Be8 29. Qb6 Bf7 30. b4 g5 31. Ne2 Qd7 32. Nc3 Be8 33. Qc5+ Kg7 34. Kh2 h4 35. Nd1 Qf7 36. Kg1 Qd7 37. Nf2 Bf7 38. Ng4 Qa4 39. Qe7 Qd1+ 40. Kh2 Qe1 41. Qxg5+ Kf8 42. Qf4 Qxb4 43. Nh6 Qe7 44. g4 hxg3+ 45. Kxg3 Ke8 46. Qxf7+ Qxf7 47. Nxf7 Kxf7 48. Kg4 Kg6 49. h4 Kh6 50. h5 Kh7 51. Kg5 Kg7 52. h6+ Kh7 53. Kh5 Kh8 54. Kg6 Kg8 55. h7+ Kh8 56. Kh6 1-0

[Event "Montreal Mercredi 03"]
[Site "Montreal"]
[Date "2016.04.27"]
[Round "5"]
[White "Heredia, Jose"]
[Black "Have, Didier"]
[Result "1-0"]
[WhiteElo "1922"]
[BlackElo "2044"]
[PlyCount "65"]
[EventDate "2016.03.30"]
[EventType "swiss"]
[EventRounds "5"]
[EventCountry "CAN"]
[SourceTitle "EXT 2022"]
[Source "ChessBase"]
[SourceDate "2021.10.06"]
[SourceVersion "1"]
[SourceVersionDate "2021.10.06"]
[SourceQuality "1"]

1. d4 d5 2. Nf3 e6 3. e3 c6 4. Bd3 f5 5. Ne5 Nf6 6. 0-0 Bd6 7. f4 0-0 8. b3 Qe7 9. Bb2 b6 10. Qc1 Bb7 11. Ba3 Nbd7 12. Bxd6 Qxd6 13. Nd2 Rac8 14. c4 c5 15. Qb2 Rc7 16. Ndf3 Rfc8 17. Rac1 Ne4 18. Nxd7 Qxd7 19. Ne5 Qd6 20. Bxe4 dxe4 21. Rfd1 Bc6 22. Rd2 Be8 23. d5 Bh5 24. dxe6 Qxe6 25. Rd5 g5 26. Qd2 gxf4 27. exf4 Qe7 28. Rc3 Kh8 29. Rh3 Bf7 30. Nxf7+ Qxf7 31. Rd8+ Rxd8 32. Qxd8+ Kg7 33. Rg3+ 1-0

[Event "Montreal Mercredi 03"]
[Site "Montreal"]
[Date "2016.03.30"]
[Round "1"]
[White "Jacquet, Stephane"]
[Black "Heredia, Jose"]
[Result "1-0"]
[WhiteElo "2017"]
[BlackElo "1922"]
[PlyCount "65"]
[EventDate "2016.03.30"]
[EventType "swiss"]
[EventRounds "5"]
[EventCountry "CAN"]
[SourceTitle "EXT 2022"]
[Source "ChessBase"]
[SourceDate "2021.10.06"]
[SourceVersion "1"]
[SourceVersionDate "2021.10.06"]
[SourceQuality "1"]

1. d4 d5 2. c4 c6 3. Nc3 Nf6 4. Nf3 e6 5. cxd5 exd5 6. Qc2 g6 7. Bg5 Bg7 8. e3 Bf5 9. Qb3 Qc8 10. Rc1 Be6 11. Qa3 Bf8 12. b4 Nbd7 13. Qb3 a6 14. Bd3 Be7 15. Bh6 Qd8 16. Na4 b5 17. Rxc6 bxa4 18. Qxa4 a5 19. b5 Nb6 20. Qc2 Bd7 21. Rc5 Ng4 22. Bf4 Bxc5 23. dxc5 Nc4 24. Bxc4 dxc4 25. Bd6 Be6 26. 0-0 Qd7 27. Qe4 Rc8 28. h3 Nxf2 29. Rxf2 Qxb5 30. Ng5 Qd7 31. Qe5 Rg8 32. Nxh7 Kd8 33. Qg5+ 1-0

[Event "McGill op U2000"]
[Site "Montreal"]
[Date "2015.05.03"]
[Round "4"]
[White "Heredia, Jose"]
[Black "Gates, Claude Eric"]
[Result "0-1"]
[WhiteElo "1871"]
[BlackElo "1880"]
[PlyCount "85"]
[EventDate "2015.05.01"]
[EventType "swiss"]
[EventRounds "5"]
[EventCountry "CAN"]
[SourceTitle "EXT 2019"]
[Source "ChessBase"]
[SourceDate "2018.10.10"]
[SourceVersion "1"]
[SourceVersionDate "2018.10.10"]
[SourceQuality "1"]

1. d4 Nf6 2. Nf3 e6 3. e3 b6 4. Bd3 Bb7 5. 0-0 d5 6. b3 Nbd7 7. Ba3 Bd6 8. Bxd6 cxd6 9. c4 0-0 10. Nc3 Ne4 11. Bxe4 dxe4 12. Nd2 f5 13. f3 exf3 14. Nxf3 Nf6 15. Ng5 Ng4 16. Nf3 Nxe3 17. Qe2 Nxf1 18. Qxe6+ Kh8 19. Rxf1 Rf6 20. Qe3 Qd7 21. Re1 Bxf3 22. gxf3 Rg6+ 23. Kf2 Qd8 24. Qe7 Rh6 25. Kg3 Qxe7 26. Rxe7 Kg8 27. d5 Kf8 28. Re2 Re8 29. Rd2 Re5 30. Ne2 g5 31. Nd4 f4+ 32. Kg2 Rg6 33. Nc6 Re3 34. Nxa7 g4 35. fxg4 Rxg4+ 36. Kf1 f3 37. Nc8 Rc3 38. Nxd6 Rc1+ 39. Kf2 Rg2+ 40. Ke3 Rxd2 41. Kxd2 f2 42. Kxc1 f1Q+ 43. Kb2 0-1

[Event "McGill op U2000"]
[Site "Montreal"]
[Date "2015.05.02"]
[Round "3"]
[White "Morin, Louis"]
[Black "Heredia, Jose"]
[Result "1/2-1/2"]
[WhiteElo "1904"]
[BlackElo "1871"]
[PlyCount "76"]
[EventDate "2015.05.01"]
[EventType "swiss"]
[EventRounds "5"]
[EventCountry "CAN"]
[SourceTitle "EXT 2019"]
[Source "ChessBase"]
[SourceDate "2018.10.10"]
[SourceVersion "1"]
[SourceVersionDate "2018.10.10"]
[SourceQuality "1"]

1. e4 c6 2. d4 d5 3. Nc3 dxe4 4. Nxe4 Nd7 5. Qe2 e6 6. Bf4 Nb6 7. 0-0-0 Nf6 8. Nf3 Nbd5 9. Bd2 Nxe4 10. Qxe4 Nf6 11. Qd3 h6 12. Ne5 Qc7 13. Be2 Bd6 14. f4 b6 15. Bf3 Bb7 16. Rhe1 0-0-0 17. Kb1 c5 18. Bxb7+ Qxb7 19. Qf3 Bxe5 20. fxe5 Qxf3 21. gxf3 Nd7 22. dxc5 Nxc5 23. Bb4 Nb7 24. Kc1 Rxd1+ 25. Rxd1 Rd8 26. Rxd8+ Kxd8 27. Bf8 g6 28. Bxh6 Kd7 29. c4 Na5 30. b3 Nc6 31. f4 Nd4 32. Kd1 Kc6 33. Bf8 b5 34. h3 bxc4 35. bxc4 Nf3 36. Ke2 Ng1+ 37. Kf2 Nxh3+ 38. Kg3 Ng1 1/2-1/2

[Event "Montreal Mercredi 04"]
[Site "Montreal"]
[Date "2015.04.29"]
[Round "5"]
[White "Zroud, Hicham"]
[Black "Heredia, Jose"]
[Result "1-0"]
[WhiteElo "1839"]
[BlackElo "1856"]
[PlyCount "93"]
[EventDate "2015.04.01"]
[EventType "swiss"]
[EventRounds "5"]
[EventCountry "CAN"]
[SourceTitle "EXT 2022"]
[Source "ChessBase"]
[SourceDate "2021.10.06"]
[SourceVersion "1"]
[SourceVersionDate "2021.10.06"]
[SourceQuality "1"]

1. e4 c5 2. Nc3 Nc6 3. f4 g6 4. Nf3 Bg7 5. Bb5 Nd4 6. 0-0 Nxb5 7. Nxb5 a6 8. Nc3 d6 9. d3 e6 10. Be3 Qc7 11. d4 Ne7 12. Qd2 0-0 13. Qf2 cxd4 14. Bxd4 Bxd4 15. Qxd4 Qc5 16. Rad1 b5 17. Kh1 b4 18. Na4 Qxd4 19. Rxd4 d5 20. Rxb4 dxe4 21. Rxe4 Bb7 22. Rb4 Bc6 23. Ne5 a5 24. Nxc6 Nxc6 25. Rc4 Nb4 26. a3 Nd5 27. Rf3 Rfc8 28. Rxc8+ Rxc8 29. Nc3 Nxc3 30. Rxc3 Rxc3 31. bxc3 Kf8 32. Kg1 Ke7 33. Kf2 Kd6 34. Ke3 Kd5 35. Kd3 f5 36. c4+ Kc5 37. h4 a4 38. Kc3 h6 39. g3 e5 40. fxe5 g5 41. hxg5 hxg5 42. Kd3 Kc6 43. Kd4 Kd7 44. c5 Ke6 45. c6 Ke7 46. Kd5 g4 47. Kd4 1-0

[Event "Montreal Mercredi 04"]
[Site "Montreal"]
[Date "2015.04.15"]
[Round "3"]
[White "Heredia, Jose"]
[Black "Gates, Claude Eric"]
[Result "1/2-1/2"]
[WhiteElo "1856"]
[BlackElo "1829"]
[PlyCount "81"]
[EventDate "2015.04.01"]
[EventType "swiss"]
[EventRounds "5"]
[EventCountry "CAN"]
[SourceTitle "EXT 2022"]
[Source "ChessBase"]
[SourceDate "2021.10.06"]
[SourceVersion "1"]
[SourceVersionDate "2021.10.06"]
[SourceQuality "1"]

1. d4 Nf6 2. Nf3 e6 3. e3 b6 4. Bd3 Be7 5. 0-0 d5 6. Ne5 Bb7 7. Nd2 c5 8. Bb5+ Nbd7 9. f4 0-0 10. Ndf3 Rc8 11. c3 a6 12. Bd3 Ne4 13. Bd2 Ndf6 14. Be1 c4 15. Bc2 b5 16. Bh4 Bc6 17. Bxf6 Nxf6 18. Nxc6 Rxc6 19. Ne5 Rc7 20. Qf3 Nd7 21. e4 Nf6 22. exd5 Qxd5 23. f5 Qxf3 24. Nxf3 exf5 25. Bxf5 Nd5 26. Rfe1 g6 27. Be4 Rd8 28. Bxd5 Rxd5 29. Re2 Bf6 30. Rae1 a5 31. Re8+ Kg7 32. Rb8 b4 33. cxb4 axb4 34. Rxb4 Bxd4+ 35. Nxd4 Rxd4 36. Rc1 Rd2 37. a4 Re7 38. Rbxc4 Ree2 39. b4 Rxg2+ 40. Kf1 Rgf2+ 41. Kg1 1/2-1/2

[Event "Montreal Mercredi 04"]
[Site "Montreal"]
[Date "2015.04.01"]
[Round "1"]
[White "Heredia, Jose"]
[Black "Abdelaal, Ibrahim"]
[Result "1-0"]
[WhiteElo "1856"]
[BlackElo "1835"]
[PlyCount "159"]
[EventDate "2015.04.01"]
[EventType "swiss"]
[EventRounds "5"]
[EventCountry "CAN"]
[SourceTitle "EXT 2022"]
[Source "ChessBase"]
[SourceDate "2021.10.06"]
[SourceVersion "1"]
[SourceVersionDate "2021.10.06"]
[SourceQuality "1"]

1. d4 Nf6 2. Nf3 g6 3. c4 c5 4. e3 Bg7 5. Nc3 cxd4 6. exd4 0-0 7. Be2 d5 8. 0-0 dxc4 9. Bxc4 Bg4 10. h3 Bxf3 11. Qxf3 Nc6 12. Be3 Na5 13. Be2 e6 14. Rfd1 Nd5 15. Nxd5 Qxd5 16. Qxd5 exd5 17. Rac1 Rac8 18. b3 Rxc1 19. Rxc1 Nc6 20. Rd1 Rc8 21. Bg4 Rd8 22. Kf1 h6 23. Bf3 f5 24. g3 g5 25. a3 Kh8 26. b4 f4 27. b5 Ne7 28. gxf4 gxf4 29. Bd2 Nf5 30. Bxf4 Nxd4 31. Bg2 Nxb5 32. Rxd5 Rxd5 33. Bxd5 Nxa3 34. Bxb7 Nb5 35. Ba6 Nc3 36. Be3 Nd5 37. Bxa7 Nf4 38. Bc8 Kg8 39. Be3 Ng6 40. Ke2 Kf7 41. Kf3 Ne7 42. Bb7 Kg6 43. Bc5 Ng8 44. Kf4 Nf6 45. Bc8 Nh5+ 46. Ke3 Nf6 47. f4 Kh5 48. Kf3 Kg6 49. Be6 Ne8 50. f5+ Kh7 51. Kf4 Bf6 52. Kg4 Ng7 53. Be3 Ne8 54. Bf4 Bc3 55. Kf3 Kg7 56. Ke4 Nf6+ 57. Kd3 Ba1 58. Kc4 Nh5 59. Be3 Ng3 60. Kd5 h5 61. Bg5 Bf6 62. h4 Bc3 63. Bf4 Ne2 64. Be5+ Bxe5 65. Kxe5 Ng1 66. Bd5 Nh3 67. Bg2 Nf2 68. f6+ Kf7 69. Bd5+ Kf8 70. Bf3 Ng4+ 71. Kf5 Kf7 72. Bd5+ Kf8 73. Kg6 Ke8 74. Kg7 Nxf6 75. Kxf6 Kf8 76. Kg6 Ke7 77. Bf3 Kf8 78. Kh7 Kf7 79. Bxh5+ Kf8 80. Bg6 1-0

[Event "Montreal Mercredi 02"]
[Site "Montreal"]
[Date "2015.03.18"]
[Round "5"]
[White "Pomerantz, Daniel"]
[Black "Heredia, Jose"]
[Result "1/2-1/2"]
[WhiteElo "1970"]
[BlackElo "1924"]
[PlyCount "92"]
[EventDate "2015.02.18"]
[EventType "swiss"]
[EventRounds "5"]
[EventCountry "CAN"]
[SourceTitle "EXT 2022"]
[Source "ChessBase"]
[SourceDate "2021.10.06"]
[SourceVersion "1"]
[SourceVersionDate "2021.10.06"]
[SourceQuality "1"]

1. e4 c6 2. d4 d5 3. Nd2 dxe4 4. Nxe4 Nd7 5. Bc4 Ngf6 6. Ng5 e6 7. Qe2 Nb6 8. Bd3 h6 9. N5f3 Bd6 10. Ne5 Qc7 11. Ngf3 0-0 12. 0-0 c5 13. dxc5 Bxc5 14. Bf4 Bd6 15. Rad1 Nbd5 16. Bc1 Nd7 17. Nc4 Be7 18. g3 Nc5 19. Ne3 Nxe3 20. Bxe3 Nxd3 21. Rxd3 e5 22. Rc3 Qa5 23. Bd2 Bb4 24. Ra3 Qc5 25. Bxb4 Qxb4 26. Qxe5 Be6 27. Qd4 Qb5 28. Qe5 Qc4 29. Nd4 Bh3 30. Rd1 Rfe8 31. Qf4 Qd5 32. f3 g5 33. Qd2 Rad8 34. Rd3 Qxa2 35. c3 Qc4 36. g4 f5 37. Nxf5 Rxd3 38. Qxd3 Qxd3 39. Rxd3 Re2 40. Rd8+ Kf7 41. Rd7+ Kf8 42. Rxb7 Rg2+ 43. Kh1 Rf2 44. Ng3 Rd2 45. Kg1 Rg2+ 46. Kh1 Rd2 1/2-1/2

[Event "Montreal Pere Noel op"]
[Site "Montreal"]
[Date "2014.12.28"]
[Round "3"]
[White "Heredia, Jose"]
[Black "Zhu, Hong Rui"]
[Result "0-1"]
[WhiteElo "1943"]
[BlackElo "2174"]
[PlyCount "58"]
[EventDate "2014.12.26"]
[EventType "swiss"]
[EventRounds "5"]
[EventCountry "CAN"]
[SourceTitle "EXT 2016"]
[Source "ChessBase"]
[SourceDate "2015.10.08"]
[SourceVersion "1"]
[SourceVersionDate "2015.10.08"]
[SourceQuality "1"]

1. e4 c5 2. Nf3 d6 3. d4 cxd4 4. Nxd4 Nf6 5. Nc3 g6 6. Be3 Bg7 7. f3 Nc6 8. Qd2 0-0 9. Bc4 Bd7 10. 0-0-0 Rc8 11. Bb3 Nxd4 12. Bxd4 b5 13. Nd5 Nxd5 14. Bxg7 Kxg7 15. Qxd5 a5 16. Qd4+ Kg8 17. a4 bxa4 18. Bxa4 e5 19. Qxd6 Bxa4 20. Qxe5 Rxc2+ 21. Kb1 Rxb2+ 22. Qxb2 Bxd1 23. Ka1 a4 24. h4 Qd3 25. h5 a3 26. Qc1 Bb3 27. Qxa3 Qc3+ 28. Qb2 Ra8+ 29. Kb1 Qd3+ 0-1

[Event "Montreal Pere Noel op"]
[Site "Montreal"]
[Date "2014.12.27"]
[Round "2"]
[White "Yu, Zong Yang"]
[Black "Heredia, Jose"]
[Result "1-0"]
[WhiteElo "2360"]
[BlackElo "1943"]
[PlyCount "65"]
[EventDate "2014.12.26"]
[EventType "swiss"]
[EventRounds "5"]
[EventCountry "CAN"]
[SourceTitle "EXT 2016"]
[Source "ChessBase"]
[SourceDate "2015.10.08"]
[SourceVersion "1"]
[SourceVersionDate "2015.10.08"]
[SourceQuality "1"]

1. Nf3 Nf6 2. d4 d5 3. c4 c6 4. Nc3 e6 5. cxd5 exd5 6. Qc2 Bd6 7. Bg5 0-0 8. e3 h6 9. Bh4 Nbd7 10. Bd3 Re8 11. 0-0 Qc7 12. Rfc1 a6 13. Rab1 g5 14. Bg3 Bxg3 15. hxg3 Qd6 16. b4 Ng4 17. e4 dxe4 18. Nxe4 Rxe4 19. Bxe4 Ndf6 20. Bf5 Qd5 21. Bxc8 Rxc8 22. Re1 Re8 23. Rxe8+ Nxe8 24. Re1 Nd6 25. Qc5 Kg7 26. Qxd5 cxd5 27. Re7 Kf6 28. Rc7 Ke6 29. Ne1 Nf6 30. Nd3 b6 31. Rc6 Nd7 32. Nc5+ bxc5 33. bxc5 1-0

[Event "Montreal Mercredi 11"]
[Site "Montreal"]
[Date "2014.12.10"]
[Round "4"]
[White "Heredia, Jose"]
[Black "Destree, Frederic"]
[Result "1-0"]
[WhiteElo "1919"]
[BlackElo "1898"]
[PlyCount "79"]
[EventDate "2014.11.19"]
[EventType "swiss"]
[EventRounds "5"]
[EventCountry "CAN"]
[SourceTitle "EXT 2022"]
[Source "ChessBase"]
[SourceDate "2021.10.06"]
[SourceVersion "1"]
[SourceVersionDate "2021.10.06"]
[SourceQuality "1"]

1. e4 c5 2. Nf3 g6 3. c4 Nc6 4. d4 cxd4 5. Nxd4 Nf6 6. Nc3 d6 7. Be3 Ng4 8. Bg5 Bg7 9. Nxc6 bxc6 10. h3 Nxf2 11. Kxf2 Qb6+ 12. Be3 Qxb2+ 13. Be2 Qxc3 14. Qa4 Bd7 15. Rab1 0-0 16. Rb7 Rfd8 17. Rc1 Qf6+ 18. Kg1 Qh4 19. Bf2 Qxe4 20. Bf3 Qf4 21. Re1 e6 22. Bxc6 Bxc6 23. Qxc6 Bd4 24. Rf1 Be5 25. g3 Qg5 26. Rxf7 Kxf7 27. Be3+ Qf5 28. Bg5 Qxf1+ 29. Kxf1 Rf8 30. Kg2 Rab8 31. Qd7+ Kg8 32. Qxe6+ Kh8 33. h4 Rb2+ 34. Kh3 Rbf2 35. Bh6 Rb8 36. Qe7 Rf3 37. Bf4 Bxf4 38. Kg4 Rxg3+ 39. Kxf4 Rd3 40. Kg5 1-0

[Event "Montreal Mercredi 11"]
[Site "Montreal"]
[Date "2014.12.03"]
[Round "3"]
[White "Heredia, Jose"]
[Black "Salazar, Andres Felipe"]
[Result "1-0"]
[WhiteElo "1919"]
[BlackElo "1821"]
[PlyCount "97"]
[EventDate "2014.11.19"]
[EventType "swiss"]
[EventRounds "5"]
[EventCountry "CAN"]
[SourceTitle "EXT 2022"]
[Source "ChessBase"]
[SourceDate "2021.10.06"]
[SourceVersion "1"]
[SourceVersionDate "2021.10.06"]
[SourceQuality "1"]

1. e4 e5 2. Nf3 Nc6 3. Bb5 a6 4. Ba4 Nf6 5. Qe2 b5 6. Bb3 Bc5 7. c3 Bb7 8. 0-0 0-0 9. d3 Qe7 10. h3 Na5 11. Bc2 Bb6 12. Nbd2 c5 13. Re1 h6 14. Nf1 d6 15. Ng3 Bc8 16. Be3 Be6 17. Nf5 Bxf5 18. exf5 Nc6 19. Nh2 Qd7 20. g4 d5 21. Rad1 d4 22. Bc1 Nd5 23. c4 Nf4 24. Qf3 Bc7 25. a3 Qd6 26. Re4 Rab8 27. b3 Qf6 28. Bxf4 exf4 29. cxb5 axb5 30. Qe2 Qh4 31. Kg2 Ra8 32. Nf3 Qf6 33. a4 Nb4 34. Rc1 Na2 35. Rd1 Nc3 36. Qf1 Nxe4 37. dxe4 Ba5 38. Rb1 Bc3 39. axb5 Ra2 40. Bd3 Rfa8 41. Qc1 Ra1 42. Rxa1 Rxa1 43. Qxf4 Qd8 44. Qe5 Bb4 45. Bc4 d3 46. Bxf7+ Kxf7 47. Qe6+ Kf8 48. Ne5 g6 49. Qf7# 1-0

[Event "Montreal Mercredi 10"]
[Site "Montreal"]
[Date "2014.11.05"]
[Round "4"]
[White "Heredia, Jose"]
[Black "Langlois Remillard, Alexis"]
[Result "1-0"]
[WhiteElo "1897"]
[BlackElo "1828"]
[PlyCount "79"]
[EventDate "2014.10.15"]
[EventType "swiss"]
[EventRounds "5"]
[EventCountry "CAN"]
[SourceTitle "EXT 2022"]
[Source "ChessBase"]
[SourceDate "2021.10.06"]
[SourceVersion "1"]
[SourceVersionDate "2021.10.06"]
[SourceQuality "1"]

1. Nf3 g6 2. e4 Bg7 3. d4 d6 4. c4 Nf6 5. Nc3 0-0 6. Bd3 Nc6 7. Be3 Ng4 8. 0-0 Nxe3 9. fxe3 e5 10. d5 Nb8 11. b4 c6 12. Qe2 Qb6 13. Rab1 Bh6 14. c5 Qc7 15. cxd6 Qxd6 16. Nd2 Nd7 17. Nc4 Qe7 18. b5 Nc5 19. bxc6 bxc6 20. dxc6 Nxd3 21. Qxd3 Ba6 22. Nd5 Qc5 23. Rfc1 Rac8 24. Qa3 Qxa3 25. Nxa3 Bd3 26. Rb3 Bxe4 27. Ne7+ Kg7 28. Nxc8 Rxc8 29. c7 Bd5 30. Rbc3 Bxa2 31. Nb5 Be6 32. Kf2 a5 33. Ra1 Ra8 34. Rca3 f5 35. Rxa5 Rc8 36. Ra8 f4 37. exf4 Bxf4 38. g3 Bg5 39. Nd6 Rxc7 40. Ne8+ 1-0

[Event "Montreal Mercredi 10"]
[Site "Montreal"]
[Date "2014.10.29"]
[Round "3"]
[White "Brodie, Hugh"]
[Black "Heredia, Jose"]
[Result "0-1"]
[WhiteElo "1882"]
[BlackElo "1897"]
[PlyCount "102"]
[EventDate "2014.10.15"]
[EventType "swiss"]
[EventRounds "5"]
[EventCountry "CAN"]
[SourceTitle "EXT 2022"]
[Source "ChessBase"]
[SourceDate "2021.10.06"]
[SourceVersion "1"]
[SourceVersionDate "2021.10.06"]
[SourceQuality "1"]

1. f4 c5 2. e4 d5 3. exd5 Nf6 4. Nf3 Nxd5 5. d4 Nc6 6. c3 e6 7. Bb5 Bd7 8. 0-0 cxd4 9. Bxc6 Bxc6 10. cxd4 Be7 11. Nc3 0-0 12. Kh1 b6 13. Ne5 Bb7 14. Qg4 Nf6 15. Qd1 g6 16. Be3 Re8 17. Rc1 a6 18. Qe2 b5 19. Rfd1 Rc8 20. Nb1 Rxc1 21. Rxc1 Qb8 22. Nd2 Bd5 23. b3 Rc8 24. Ndf3 h6 25. f5 g5 26. fxe6 Bxe6 27. Nc6 Qb7 28. Nxe7+ Qxe7 29. Rxc8+ Bxc8 30. Ne5 Nd5 31. Qc2 Bb7 32. Bc1 Kg7 33. h3 Qe6 34. Qf2 Nc3 35. Kh2 Ne4 36. Qf3 f6 37. Ng4 Qd6+ 38. Kg1 Qxd4+ 39. Be3 Qd5 40. h4 h5 41. hxg5 hxg4 42. gxf6+ Nxf6 43. Qf2 Kg6 44. Qc2+ Qe4 45. Qf2 Qb1+ 46. Kh2 Ne4 47. Qf8 g3+ 48. Kh3 Qh1+ 49. Kg4 Qh5+ 50. Kf4 Qg5+ 51. Kf3 Nc3# 0-1

[Event "Quebec-ch Amateur U2000"]
[Site "Montreal"]
[Date "2014.10.12"]
[Round "4"]
[White "Heredia, Jose"]
[Black "Perna Fraser, David"]
[Result "1/2-1/2"]
[WhiteElo "1897"]
[BlackElo "1872"]
[PlyCount "57"]
[EventDate "2014.10.10"]
[EventType "swiss"]
[EventRounds "7"]
[EventCountry "CAN"]
[SourceTitle "EXT 2022"]
[Source "ChessBase"]
[SourceDate "2021.10.06"]
[SourceVersion "1"]
[SourceVersionDate "2021.10.06"]
[SourceQuality "1"]

1. e4 e5 2. Nf3 Nf6 3. Nxe5 d6 4. Nf3 Nxe4 5. Nc3 Nxc3 6. dxc3 Be7 7. Be3 c5 8. Bc4 0-0 9. Qd2 Nc6 10. h3 Be6 11. Bd5 Qd7 12. Bxe6 Qxe6 13. 0-0 Ne5 14. Nxe5 dxe5 15. f4 exf4 16. Bxf4 Rad8 17. Qf2 Rd7 18. Qg3 Bd6 19. Bxd6 Qxd6 20. Qxd6 Rxd6 21. Rad1 Rfd8 22. Rxd6 Rxd6 23. Re1 Kf8 24. Re2 Rd1+ 25. Kf2 Rb1 26. b3 Rd1 27. c4 f6 28. a4 Kf7 29. Kf3 1/2-1/2

[Event "Quebec-ch Amateur U2000"]
[Site "Montreal"]
[Date "2014.10.12"]
[Round "5"]
[White "Simard, Francois"]
[Black "Heredia, Jose"]
[Result "1/2-1/2"]
[WhiteElo "1849"]
[BlackElo "1897"]
[PlyCount "147"]
[EventDate "2014.10.10"]
[EventType "swiss"]
[EventRounds "7"]
[EventCountry "CAN"]
[SourceTitle "EXT 2022"]
[Source "ChessBase"]
[SourceDate "2021.10.06"]
[SourceVersion "1"]
[SourceVersionDate "2021.10.06"]
[SourceQuality "1"]

1. d4 d5 2. c4 c6 3. cxd5 cxd5 4. Nf3 Nf6 5. Nc3 e6 6. Bg5 Be7 7. e3 0-0 8. Bd3 h6 9. Bh4 Nbd7 10. 0-0 a6 11. Rc1 b5 12. a3 Bb7 13. Bb1 Ne4 14. Bxe7 Qxe7 15. Nxe4 dxe4 16. Ne5 Rfc8 17. Nxd7 Rxc1 18. Qxc1 Qxd7 19. Qc5 Rc8 20. Qe5 Qd5 21. Qxd5 Bxd5 22. f3 exf3 23. gxf3 Kf8 24. e4 Bb3 25. Kf2 Ke7 26. Ke3 b4 27. axb4 Rb8 28. Bd3 Rxb4 29. Bxa6 Ba4 30. Rf2 Rb3+ 31. Kf4 g5+ 32. Kg4 f5+ 33. exf5 exf5+ 34. Kxf5 Bd7+ 35. Ke4 Bb5 36. Bxb5 Rxb5 37. Rg2 Ke6 38. f4 Kf6 39. fxg5+ hxg5 40. Kd3 Ke6 41. Ke4 Rf5 42. b4 Kd6 43. Ra2 g4 44. Ra6+ Kc7 45. Ra2 Rh5 46. Rg2 Kd6 47. Kd3 Kd5 48. Ke3 Rh3+ 49. Kf4 Rb3 50. Rxg4 Rxb4 51. Kf5 Rb2 52. h4 Rb8 53. Kf6 Rb6+ 54. Kg7 Rb7+ 55. Kh8 Ke6 56. Rf4 Rb5 57. Kg7 Rb7+ 58. Kg6 Rb5 59. Kg7 Rb7+ 60. Kg6 Rb8 61. Rf7 Rb5 62. Rf8 Ke7 63. Rf5 Rb6+ 64. Kg7 Ra6 65. Rf4 Rb6 66. Re4+ Kd6 67. Re8 Kd7 68. Rh8 Rd6 69. h5 Rxd4 70. h6 Kc7 71. h7 Rd7+ 72. Kg6 Rd6+ 73. Kf5 Rd5+ 74. Kf4 1/2-1/2

[Event "Quebec-ch Amateur U2000"]
[Site "Montreal"]
[Date "2014.10.10"]
[Round "1"]
[White "Johnson Constantin, Matthieu"]
[Black "Heredia, Jose"]
[Result "1/2-1/2"]
[WhiteElo "1777"]
[BlackElo "1897"]
[PlyCount "101"]
[EventDate "2014.10.10"]
[EventType "swiss"]
[EventRounds "7"]
[EventCountry "CAN"]
[SourceTitle "EXT 2022"]
[Source "ChessBase"]
[SourceDate "2021.10.06"]
[SourceVersion "1"]
[SourceVersionDate "2021.10.06"]
[SourceQuality "1"]

1. e4 c6 2. d4 d5 3. Nc3 dxe4 4. Nxe4 Nd7 5. Nf3 Ngf6 6. Bd3 Nxe4 7. Bxe4 Nf6 8. Qd3 Nxe4 9. Qxe4 Qd5 10. Qxd5 cxd5 11. Bf4 Bf5 12. Kd2 Rc8 13. Rac1 Be4 14. Ne1 e6 15. f3 Bg6 16. Nd3 f6 17. Rhe1 Kd7 18. Re2 Be7 19. Rce1 Rc6 20. c3 Bf7 21. g4 g5 22. Bg3 h5 23. h3 hxg4 24. hxg4 Rh3 25. Rg1 Rc8 26. Rh2 Rxh2+ 27. Bxh2 Rh8 28. Bg3 b6 29. f4 Rg8 30. Ke3 Bd6 31. fxg5 Bxg3 32. Rxg3 Rxg5 33. Kf4 Rg8 34. g5 fxg5+ 35. Rxg5 Rh8 36. Ne5+ Kd6 37. Nf3 Bh5 38. Rg3 Bxf3 39. Kxf3 Rh2 40. Rg2 Rxg2 41. Kxg2 e5 42. dxe5+ Kxe5 43. Kf3 d4 44. cxd4+ Kxd4 45. Ke2 a5 46. Kd2 a4 47. b3 axb3 48. axb3 b5 49. Kc2 b4 50. Kd2 Ke4 51. Ke2 1/2-1/2

[Event "Montreal Mercredi 09"]
[Site "Montreal"]
[Date "2014.09.17"]
[Round "3"]
[White "Nunez, Omar"]
[Black "Heredia, Jose"]
[Result "1/2-1/2"]
[WhiteElo "1923"]
[BlackElo "1901"]
[PlyCount "73"]
[EventDate "2014.09.03"]
[EventType "swiss"]
[EventRounds "5"]
[EventCountry "CAN"]
[SourceTitle "EXT 2022"]
[Source "ChessBase"]
[SourceDate "2021.10.06"]
[SourceVersion "1"]
[SourceVersionDate "2021.10.06"]
[SourceQuality "1"]

1. f4 d5 2. Nf3 Nf6 3. b3 c5 4. e3 a6 5. Bb2 Nc6 6. Be2 g6 7. 0-0 Bg7 8. Ne5 0-0 9. Nxc6 bxc6 10. Bf3 Rb8 11. Be5 Rb7 12. c4 e6 13. Nc3 Nd7 14. Bxg7 Kxg7 15. Na4 Qe7 16. Qc1 Rc7 17. Qc3+ Kg8 18. Qa5 Qd6 19. Rac1 Bb7 20. d4 Rfc8 21. dxc5 Qe7 22. Nb6 Nxb6 23. cxb6 Rd7 24. c5 f5 25. Qc3 e5 26. fxe5 Re8 27. Rfe1 Qxe5 28. Qxe5 Rxe5 29. Rcd1 Rde7 30. Kf2 Kf7 31. b4 Ke8 32. a4 Kd8 33. Rc1 Kc8 34. Be2 Kb8 35. Bd3 Bc8 36. b5 axb5 37. axb5 1/2-1/2

[Event "Montreal Mercredi 04"]
[Site "Montreal"]
[Date "2014.04.23"]
[Round "4"]
[White "Fortin Lavoie, Patrice"]
[Black "Heredia, Jose"]
[Result "0-1"]
[WhiteElo "1828"]
[BlackElo "1856"]
[PlyCount "86"]
[EventDate "2014.04.02"]
[EventType "swiss"]
[EventRounds "5"]
[EventCountry "CAN"]
[SourceTitle "EXT 2022"]
[Source "ChessBase"]
[SourceDate "2021.10.06"]
[SourceVersion "1"]
[SourceVersionDate "2021.10.06"]
[SourceQuality "1"]

1. d4 d5 2. c4 c6 3. e3 Nf6 4. Nf3 e6 5. Be2 Nbd7 6. 0-0 dxc4 7. Bxc4 b5 8. Bb3 Bb7 9. a4 a6 10. Nbd2 c5 11. dxc5 Nxc5 12. Nd4 Nxb3 13. N2xb3 e5 14. Nf5 Be4 15. Ng3 Qxd1 16. Rxd1 Bc2 17. Rd2 Bxb3 18. axb5 Bb4 19. bxa6 0-0 20. e4 Bxd2 21. Bxd2 Rfd8 22. Be3 Rd1+ 23. Rxd1 Bxd1 24. a7 Ne8 25. Nf5 f6 26. Ne7+ Kf7 27. Nd5 Ba4 28. b4 Bc6 29. Nc3 Nd6 30. f3 Nb5 31. Nxb5 Bxb5 32. Kf2 Ke6 33. Bc5 Rd8 34. Ke3 h5 35. h4 g5 36. hxg5 fxg5 37. g3 Bc6 38. f4 exf4+ 39. gxf4 gxf4+ 40. Kxf4 Rg8 41. Bf2 Rg4+ 42. Ke3 Rxe4+ 43. Kd3 Rxb4 0-1